Khảo sát hoạt tính kháng Vibrio parahaemolyticus của các cao thô được ly trích từ cây cỏ mực (eclipta alba) : Báo cáo tổng kết đề tài nghiên cứu khoa học của sinh viên

Tách chiết các chất có trong hỗn hợp cao chiết cỏ mực bằng phương pháp tách chiết lỏng-lỏng và xác định nồng độ ức chế tối hiểu của các cao thô được tách chiết từ cây cỏ mực lên sự phát triển của dòng vi khuẩn Vibrio parahaemolyticus....

Deskribapen osoa

Gorde:
Xehetasun bibliografikoak
Egile nagusia: Nguyễn, Ngọc Quyên
Formatua: Liburua
Hizkuntza:Undetermined
Argitaratua: Cần Thơ Trường Đại học Cần Thơ 2015
Gaiak:
Etiketak: Etiketa erantsi
Etiketarik gabe, Izan zaitez lehena erregistro honi etiketa jartzen!
Thư viện lưu trữ: Trung tâm Học liệu Trường Đại học Cần Thơ
LEADER 01402nam a2200229Ia 4500
001 CTU_210374
008 210402s9999 xx 000 0 und d
082 |a 615.321 
082 |b Qu527 
088 |a TSV2014-28 
100 |a Nguyễn, Ngọc Quyên 
245 0 |a Khảo sát hoạt tính kháng Vibrio parahaemolyticus của các cao thô được ly trích từ cây cỏ mực (eclipta alba) : 
245 0 |b Báo cáo tổng kết đề tài nghiên cứu khoa học của sinh viên 
245 0 |c Nguyễn Ngọc Quyên, Trần Hoàng Hải ; Võ Thị Tú Anh (hướng dẫn) 
260 |a Cần Thơ 
260 |b Trường Đại học Cần Thơ 
260 |c 2015 
520 |a Tách chiết các chất có trong hỗn hợp cao chiết cỏ mực bằng phương pháp tách chiết lỏng-lỏng và xác định nồng độ ức chế tối hiểu của các cao thô được tách chiết từ cây cỏ mực lên sự phát triển của dòng vi khuẩn Vibrio parahaemolyticus. 
650 |a Vibrio parahaemolyticus,Chiết xuất từ thực vật,Hoạt tính Vibrio parahaemolyticus,Plant extracts 
650 |x Dược liệu,Pharmacology 
904 |i Nguyễn Văn Môi,Qhieu 
980 |a Trung tâm Học liệu Trường Đại học Cần Thơ